000 00670nam a2200217Ii 4500
001 14961
003 CO-ViMGA
008 241108s9999||||xx |||||||||||||| ||und||
020 _a9789587032239 (o.c.)
040 _aCO-ViMGA
_bspa
_erda
_cCO-ViMGA
041 0 _aspa
082 0 4 _a372.21621 B78e
100 1 _aMariana Bruzzo
_950231
245 1 0 _aEscuela maternal
264 1 _aBogotá, Colombia : Editora Cultural Internacional ; Buenos Aires : Círculo Latino Austral, 2009
300 _avolumen
336 _atext
_btxt
_2rdacontent
337 _aunmediated
_bn
_2rdamedia
338 _avolume
_bnc
_2rdacarrier
940 _aidficha_siabuc: 14651. -- ficha_no_siabuc:14961
999 _c44914
_d44914